Informační systém banky

Podstata a význam informačného systému banky. Základné ciele informačného systému banky. Vývoj informačných systémov bánk. Účtovníctvo ako základ informačného systému banky. Manažérske informačné systémy bánk.

Gespeichert in:
Bibliographische Detailangaben
1. Verfasser: Petrjánošová, Božena
Format: Buchkapitel
Sprache:Tschechisch
Schlagworte:
Tags: Tag hinzufügen
Keine Tags, Fügen Sie das erste Tag hinzu!

MARC

LEADER 00000nla a2200000 4500
001 0161942
005 20231121083450.1
041 0 |a cze 
044 |a SK 
245 1 0 |a Informační systém banky  |c Božena Petrjánošová 
520 |a Podstata a význam informačného systému banky. Základné ciele informačného systému banky. Vývoj informačných systémov bánk. Účtovníctvo ako základ informačného systému banky. Manažérske informačné systémy bánk. 
610 2 0 |a banky 
610 2 0 |a systémy informačné manažérske 
610 2 0 |a účtovníctvo 
610 2 0 |a história 
100 1 |a Petrjánošová, Božena